000 00755nam a2200229 a 4500
001 000048437
005 20240314193807.0
008 190315s2019 dr r 000 0 spa d
020 _a9789945423433
040 _aDO-SdBNP
_bspa
_cBNPHU
082 _axxxx
_bM896i
100 1 _aMoscoso Segarra, Alejandro A
_d1964-
_962241
245 1 3 _aLa institucionalidad hímnica dominicana. /
_cAlejandro Moscoso Segarra.
260 _aSanto Domingo :
_bUNAPEC,
_c2019.
300 _a32 p. ;
_c21 cm.
490 1 _aUNAPEC por un mundo mejor
490 1 _aArtículos
_v2
500 _aIncluye datos biográficos del autor en las paginas del 29-32
590 _aInventariado, 2019/BT
830 0 _aUNAPEC por un mundo mejor
_922883
830 0 _aArtículos
_n2
_975852
999 _c47925
_d47925